000 01647cam a22003857a 4500
001 15916587
003 OSt
005 20150408114017.0
008 090922s2010 dcua b 001 0 eng d
010 _a 2009937591
020 _a0883857618
020 _a9780883857618
035 _a(OCoLC)ocn501392914
040 _aCOO
_cCOO
_dEYE
_dUIU
_dIAD
_dCDX
_dYDXCP
_dOBE
_dDLC
042 _alccopycat
050 0 0 _aQA303.2
_b.C345 2010
082 0 4 _a515.15
_222
245 0 4 _aThe calculus collection :
_ba resource for AP and beyond /
_ceditors, Caren L. Diefenderfer, Roger B. Nelsen.
260 _aWashington, DC :
_bMathematical Association of America,
_cc2010.
300 _axx, 507 p. :
_bill. ;
_c26 cm.
490 1 _aClassroom resource materials
504 _aIncludes bibliographical references and index.
520 _aReader collecting articles from MAA journals between 1977 and 2007, selected for usefulness to high school calculus teachers.
650 0 _aCalculus.
650 0 _aCalculus
_vTextbooks.
_94532
700 1 _aDiefenderfer, Caren L.
_914529
700 1 _aNelsen, Roger B.
_914530
830 0 _aClassroom resource materials (Unnumbered)
_914465
856 4 2 _3Contributor biographical information
_uhttp://www.loc.gov/catdir/enhancements/fy1201/2009937591-b.html
856 4 2 _3Publisher description
_uhttp://www.loc.gov/catdir/enhancements/fy1201/2009937591-d.html
856 4 1 _3Table of contents only
_uhttp://www.loc.gov/catdir/enhancements/fy1201/2009937591-t.html
942 _2ddc
_cBOOK
999 _c21693
_d256193